1959 1494 1524 1583 1550 1176 1469 1578 1523 1508 1748 1435 1724 1534 1161 1621 1034 1198 1925 1808 1107 1963 1148 1096 1877 1638 1749 1568 1695 1965 1857 1977 1701 1450 1957 1100 1243 1640 1604 1063 1341 1105 1774 1562 1775 1325 1112 1523 1476 1438 1232 1496 1601 1867 1873 1686 1632 1303 1464 1875 1392 1870 1501 1317 1366 1409 1292 1074 1041 1098 1872 1127 1576 1909 1296 1277 1983 1193 1539 1460 1265 1505 1775 1452 1520 1730 1335 1894 1287 1950 1586 1272 1373 1052 1977 1819 1382 1800 1903 BCNSPRNW ULIB Ver.6.0+V

เปลี่ยนเป็นภาษาไทย

Change to English
 แสดงรายละเอียดบรรณานุกรม
  กลับหน้าหลัก

Brief Record : Get Marc (ISO 2709) : E-mail record : QR code < ปิดหน้าต่าง
LEADER : 00000nam 2200000uu 4500
001    13399121658
003     ULIB
008    121128s2552||||th 000 0 tha d
020    ^a9789746608244
060 04 ^aWC515^bช530ข 2552
100 0  ^aชิษณุ พันธุ์เจริญ
245 00 ^aไข้หวัดใหญ่ โรคที่อาจร้ายกว่าที่คิด/^cบรรณาธิการ, ชิษณุ พันธุ์เจริญ ... [และคนอื่นๆ]
250    ^aพิมพ์ครั้งที่ 1
260    ^aกรุงเทพฯ :^bธนาเพรส,^c2552
300    ^a66 หน้า ;^c21 ซม.
650  7 ^aไข้หวัดใหญ่
650  7 ^aวัคซีนไข้หวัดใหญ่
700 0  ^aทวี โชติพิทยสุนนท์,^eบรรณาธิการ
700 0  ^aประเสรฐ ทองเจริญ,^eบรรณาธิการ
945    ^p90^l0^i15794
945    ^p90^l0^i15795
945    ^p90^l0^i15901
945    ^p90^l0^i15902
995    ^aกัณชพร
999 ^a ใช้งานได้ทุกระบบ
รายการนี้ยังไม่มีแท็ก
คุณยังไม่ได้ล็อกอิน คุณสามารถมีกิจกรรมร่วมกับเว็บไซต์ได้ แต่ต้องล็อกอินก่อน ::
  ล็อกอิน

รายการสื่อสารสนเทศ

ลำดับที่ ประเภท เลขเรียก/บาร์โค้ด สถานที่ สถานะ
- ไม่พบข้อมูล -

รายการใกล้เคียง
    ผู้แต่ง [ชิษณุ พันธุ์เจริญ]

    หัวเรื่อง [ไข้หวัดใหญ่]
    หัวเรื่อง [วัคซีนไข้หวัดใหญ่]

BibComment


ยังไม่เคยถูกคอมเมนท์

คอมเมนท์ทรัพยากรรายการนี้
  คอมเมนท์: ไข้หวัดใหญ่ โรคท..


 Copyright 2026. Bcnsprnw @Library